| 000 | 00395nam a2200145 a 4500 | ||
|---|---|---|---|
| 001 | 4140 | ||
| 005 | 20140414131846.0 | ||
| 008 | 090218s19uu xx 00 eng d | ||
| 050 |
_aM 220.9 _bL33 1997 |
||
| 100 | _aLashbrook, Marilyn | ||
| 245 |
_aSomeone to love : _bthe story of creation. |
||
| 260 |
_aDallas, Texas : _bRoper Press, _c1987. |
||
| 650 | _aBible stories - O.T. | ||
| 999 |
_c109923 _d109923 |
||